000 00525pab a2200193 454500
008 180718b2015 xxu||||| |||| 00| 0 eng d
100 _aMaertens, Annemie
245 _aChanging one's mind? updating of beliefs among rural Indian women (Notes)
260 _c2015
300 _ap.73-76.
362 _a12 Dec
650 _aBelief - India
650 _aRural women - India
650 _aWomen - India
650 _aWomen
700 _aKsoll, Christopher
773 _aEconomic and Political Weekly
909 _a109738
999 _c109733
_d109733